[Event "Festival INPS"]
[Site "Roma ITA"]
[Date "1998.??.??"]
[Round "1"]
[White "Pienabarca, Nicola"]
[Black "Manzanilla, Rufino"]
[Result "1-0"]
[WhiteElo "2060"]
[BlackElo "1726"]
[PlyCount "57"]
[EventDate "1998.??.??"]

1. d4 g6 2. Nf3 Bg7 3. Bg5 Nf6 4. Nbd2 h6 5. Bh4 d6 6. e4 O-O 7. Be2 Nbd7 8.
O-O c6 9. c3 Qc7 10. Qc2 e5 11. dxe5 Nxe5 12. Nxe5 dxe5 13. Nc4 Be6 14. Rad1 b5
15. Ne3 Rfd8 16. c4 bxc4 17. Bxc4 Bxc4 18. Nxc4 g5 19. Bg3 Nh5 20. Ne3 Nf4 21.
Nf5 Bf8 22. Bxf4 exf4 23. Qc3 Rxd1 24. Rxd1 Rd8 25. Rc1 Qd7 26. h3 c5 27. Qf6
Qe6 28. Qxd8 Qxe4 29. Nxh6+ 1-0

[Event "Festival INPS"]
[Site "Roma ITA"]
[Date "1998.??.??"]
[Round "1"]
[White "Ragonese, Lucio Rosario"]
[Black "De Blasio, Alessandro"]
[Result "1-0"]
[WhiteElo "1995"]
[BlackElo "1714"]
[PlyCount "101"]
[EventDate "1998.??.??"]

1. d4 d5 2. Nf3 Nf6 3. Bg5 Ne4 4. Bf4 c5 5. c3 Nc6 6. e3 Bg4 7. Nbd2 cxd4 8.
exd4 Nxd2 9. Bxd2 e6 10. Qb3 Rb8 11. Bf4 Bd6 12. Ne5 Bxe5 13. dxe5 Qc7 14. Bb5
O-O 15. Bxc6 bxc6 16. Qc2 Bf5 17. Qd2 Qb6 18. b3 c5 19. O-O c4 20. b4 Bd3 21.
Rfe1 d4 22. cxd4 Qxb4 23. Qe3 Rfc8 24. d5 Qc5 25. d6 Qxe3 26. Rxe3 Rb2 27. Bg5
Rb7 28. Rc1 Rcb8 29. Be7 Rb1 30. Ree1 Rxc1 31. Rxc1 Rb7 32. f4 Rd7 33. Kf2 f6
34. Ke3 f5 35. Kd4 Kf7 36. Rc3 Ke8 37. Ra3 Rb7 38. h3 h5 39. Bh4 Kd7 40. Bf2
Bf1 41. Rg3 Kc6 42. Kc3 Kd5 43. Rg6 Bd3 44. Bh4 Bb1 45. Be7 Bxa2 46. Rxg7 a5
47. Rg8 Ra7 48. Rc8 Bb3 49. Rc7 Ra8 50. d7 Ke4 51. Rc8 1-0

[Event "Festival INPS"]
[Site "Roma ITA"]
[Date "1998.??.??"]
[Round "1"]
[White "Rossetti, Mauro"]
[Black "Quimi, Marco"]
[Result "1/2-1/2"]
[WhiteElo "1912"]
[BlackElo "2225"]
[PlyCount "149"]
[EventDate "1998.??.??"]

1. e4 c5 2. Nf3 Nc6 3. d4 cxd4 4. Nxd4 Nf6 5. Nc3 e6 6. Nxc6 bxc6 7. e5 Nd5 8.
Ne4 f5 9. Nd6+ Bxd6 10. exd6 Ba6 11. c4 Nf6 12. Qa4 Bb7 13. c5 O-O 14. Bg5 a5
15. f4 Qb8 16. Bxf6 Rxf6 17. O-O-O Qa7 18. Qd4 Rb8 19. a3 Ba6 20. Bxa6 Qxa6 21.
Rd3 Rb5 22. Rc3 Qa7 23. Re1 Rf8 24. b3 Rfb8 25. Ree3 Rf8 26. h4 Rf6 27. h5 Qb8
28. Rg3 Qf8 29. Rg5 h6 30. Rgg3 Kh8 31. Rge3 Qf7 32. Qd1 Qe8 33. Kc2 Kh7 34.
Qe2 Qf7 35. Rc4 g6 36. hxg6+ Rxg6 37. Rcc3 Qg7 38. g3 Qd4 39. Qc4 Qxc4 40. Rxc4
Kg7 41. Kc3 Kf6 42. Kd4 h5 43. Rc1 h4 44. gxh4 Rg4 45. Rf3 e5+ 46. Kc4 Rxh4 47.
Rg1 e4 48. Rf2 Rb8 49. Rg3 Re8 50. Kd4 Rg4 51. Rh3 Reg8 52. b4 axb4 53. axb4
Rg3 54. Rh6+ R8g6 55. Rxg6+ Kxg6 56. Ke5 Rb3 57. Rg2+ Kf7 58. Kxf5 Rxb4 59. Re2
Rc4 60. Rxe4 Rxc5+ 61. Re5 Rb5 62. Ke4 Rxe5+ 63. Kxe5 Kg6 64. f5+ Kf7 65. Kf4
Kf6 66. Ke4 Kg7 67. Ke5 Kf7 68. Kf4 Kf8 69. Ke5 Kf7 70. Kf4 Kf6 71. Ke4 c5 72.
Kd5 Kxf5 73. Kxc5 Ke5 74. Kc4 Kxd6 75. Kd4 1/2-1/2

[Event "Festival INPS"]
[Site "Roma ITA"]
[Date "1998.??.??"]
[Round "1"]
[White "Rossi De Gasperis, Pietro"]
[Black "Simeoni, Matteo"]
[Result "1-0"]
[WhiteElo "1704"]
[BlackElo "2035"]
[PlyCount "55"]
[EventDate "1998.??.??"]

1. e4 c5 2. f4 g6 3. Bc4 Bg7 4. Nf3 e6 5. Nc3 Nc6 6. O-O Nge7 7. d3 d5 8. Bb5
O-O 9. Ne2 a6 10. Bxc6 Nxc6 11. c3 b5 12. Be3 Qe7 13. Qe1 d4 14. cxd4 Nb4 15.
Qc3 Rd8 16. a3 Nc6 17. e5 b4 18. axb4 Nxb4 19. Bd2 Bb7 20. Ra5 Rac8 21. Rxc5
Rxc5 22. dxc5 Nxd3 23. c6 Bxc6 24. Qxc6 Qa7+ 25. Ned4 Rxd4 26. Be3 Bxe5 27.
fxe5 Qd7 28. Nxd4 1-0

[Event "Festival INPS"]
[Site "Roma ITA"]
[Date "1998.??.??"]
[Round "1"]
[White "Satta, Vladimiro"]
[Black "Marta, Daniele"]
[Result "1-0"]
[WhiteElo "2230"]
[BlackElo "1888"]
[PlyCount "73"]
[EventDate "1998.??.??"]

1. e4 e6 2. d4 d5 3. Nd2 Nf6 4. e5 Nfd7 5. Bd3 c5 6. c3 Nc6 7. Ne2 cxd4 8. cxd4
f6 9. exf6 Nxf6 10. O-O Bd6 11. Nf3 Qc7 12. Bg5 O-O 13. Bh4 Nh5 14. Nc3 a6 15.
Rc1 g6 16. Na4 Rxf3 17. Qxf3 Nxd4 18. Qd1 Nc6 19. Bg3 Nxg3 20. hxg3 Bd7 21. a3
Rf8 22. b4 Qd8 23. Be2 Ne5 24. Nc5 Bc8 25. Re1 Qf6 26. f4 Nc6 27. Ne4 Qe7 28.
Nxd6 Qxd6 29. Qd3 Bd7 30. Bg4 Ne7 31. Qd4 Nf5 32. Qc5 Qxc5+ 33. Rxc5 Rf6 34.
Rc7 Bc6 35. Bxf5 gxf5 36. Re7 d4 37. R7xe6 1-0

[Event "Festival INPS"]
[Site "Roma ITA"]
[Date "1998.??.??"]
[Round "1"]
[White "Simeone, Giulio"]
[Black "Scacco, Mauro"]
[Result "1-0"]
[WhiteElo "1717"]
[BlackElo "2050"]
[PlyCount "112"]
[EventDate "1998.??.??"]

1. c4 Nf6 2. Nc3 b6 3. e4 Bb7 4. e5 Ng8 5. d4 e6 6. Nf3 d6 7. Bd3 Nd7 8. Qa4 c6
9. Bf4 dxe5 10. Nxe5 Nxe5 11. Bxe5 Nf6 12. d5 Qd7 13. Rd1 cxd5 14. Qc2 Bb4 15.
O-O Bxc3 16. Qxc3 d4 17. Bxd4 Qc6 18. f3 O-O-O 19. Bxf6 Qc5+ 20. Kh1 gxf6 21.
Qxf6 Qh5 22. Bc2 Rhg8 23. b4 h6 24. Qc3 Qh4 25. Rxd8+ Rxd8 26. Rd1 Rg8 27. Qd2
Qf6 28. Qd7+ Kb8 29. Qd3 h5 30. c5 Bd5 31. cxb6 axb6 32. Qe3 Ka7 33. a4 Qg5 34.
Qxg5 Rxg5 35. Be4 Bxe4 36. fxe4 Re5 37. Rd4 f5 38. Kg1 fxe4 39. Kf2 e3+ 40. Ke2
Rg5 41. h3 Re5 42. g4 hxg4 43. Rxg4 Kb7 44. h4 Kc6 45. b5+ Kb7 46. Rc4 Kb8 47.
Rg4 Kb7 48. Rg5 Re4 49. h5 Kc7 50. h6 Rh4 51. Rg6 Kd6 52. Kxe3 Rxa4 53. Kf3 Rh4
54. Kg3 Rh1 55. Kg4 Rh2 56. Kg5 Ke5 1-0

[Event "Festival INPS"]
[Site "Roma ITA"]
[Date "1998.??.??"]
[Round "1"]
[White "Spano' Cuomo, Gaetano"]
[Black "Marzano, Carlo"]
[Result "0-1"]
[WhiteElo "1866"]
[BlackElo "2185"]
[PlyCount "102"]
[EventDate "1998.??.??"]

1. d4 d6 2. c4 e5 3. d5 f5 4. Nc3 Nf6 5. Nf3 g6 6. g3 Bg7 7. Bg2 O-O 8. e4 a5
9. O-O Na6 10. Be3 Ng4 11. Bg5 Qe8 12. h3 Nf6 13. exf5 gxf5 14. Qd2 Qh5 15. Nh2
Nc5 16. f3 f4 17. Bxf6 Bxf6 18. g4 Qg6 19. Rfe1 Kg7 20. Qe2 h6 21. Ne4 Nxe4 22.
Qxe4 Qg5 23. Nf1 Bd7 24. Nd2 h5 25. Kf2 Be8 26. Qd3 Bg6 27. Ne4 Qh6 28. Rh1 Rh8
29. gxh5 Bh4+ 30. Ke2 Qxh5 31. Rag1 Bg3 32. Kd2 Bf2 33. Rf1 Bd4 34. h4 Bxb2 35.
Bh3 Bd4 36. Bg4 Qh7 37. h5 Bxe4 38. fxe4 Qh6 39. Qf3 Raf8 40. Rh2 Rf6 41. Rg2
Kf8 42. Rh1 Rg8 43. Rhh2 Rg5 44. Kc2 Rf7 45. Bf5 Rfg7 46. Bg6 Re7 47. Qh3 Rg3
48. Qc8+ Kg7 49. Qd8 Qg5 50. Rxg3 fxg3 51. Rg2 Bf2 0-1

[Event "Festival INPS"]
[Site "Roma ITA"]
[Date "1998.??.??"]
[Round "1"]
[White "Tosi, Francesco"]
[Black "Farina, Saverio"]
[Result "1/2-1/2"]
[WhiteElo "1883"]
[BlackElo "2200"]
[PlyCount "60"]
[EventDate "1998.??.??"]

1. Nf3 d5 2. d4 c5 3. c3 Nc6 4. g3 Nf6 5. Bg2 e6 6. O-O Be7 7. Re1 O-O 8. Nbd2
cxd4 9. cxd4 Qb6 10. Nb3 Ne4 11. Be3 Bd7 12. Ne5 Nxe5 13. dxe5 Qc7 14. Bd4 b6
15. Rc1 Qb7 16. f3 Nc5 17. Nxc5 Bxc5 18. Bxc5 bxc5 19. Qc2 Rfc8 20. f4 Qb6 21.
Bf3 Rab8 22. Rb1 d4 23. Kg2 Bc6 24. b3 Bxf3+ 25. Kxf3 g6 26. g4 Qb7+ 27. Qe4
Qe7 28. g5 h6 29. h4 h5 30. Rec1 Rd8 1/2-1/2

[Event "Festival INPS"]
[Site "Roma ITA"]
[Date "1998.??.??"]
[Round "2"]
[White "Bellincampi, Stefano"]
[Black "Vignato, Giovanni"]
[Result "1/2-1/2"]
[WhiteElo "2065"]
[BlackElo "2150"]
[PlyCount "83"]
[EventDate "1998.??.??"]

1. e4 c6 2. d4 d5 3. Nd2 dxe4 4. Nxe4 Bf5 5. Ng3 Bg6 6. h4 h6 7. f4 e6 8. Nf3
Nd7 9. h5 Bh7 10. Bd3 Bxd3 11. Qxd3 Ngf6 12. Bd2 Qb6 13. O-O-O Qb5 14. c4 Qa6
15. Kb1 b5 16. cxb5 Qxb5 17. Qxb5 cxb5 18. Ne5 Bd6 19. Rc1 O-O 20. Rc6 Be7 21.
Rhc1 Nb6 22. f5 exf5 23. Nxf5 Rfe8 24. Nxe7+ Rxe7 25. g4 Rd8 26. Rxf6 gxf6 27.
Nc6 Re2 28. Nxd8 Rxd2 29. Nc6 Nc4 30. Nxa7 Nxb2 31. Nxb5 Nd3 32. Rc8+ Kg7 33.
a4 Rb2+ 34. Ka1 Rb4 35. Rc3 Rxa4+ 36. Kb1 Rb4+ 37. Kc2 Ne1+ 38. Kd2 Rxb5 39.
Kxe1 f5 40. Rc5 Rb4 41. Rxf5 Rxd4 42. g5 1/2-1/2

[Event "Festival INPS"]
[Site "Roma ITA"]
[Date "1998.??.??"]
[Round "2"]
[White "Campomori, Bruno"]
[Black "Scacco, Mauro"]
[Result "0-1"]
[WhiteElo "1826"]
[BlackElo "2050"]
[PlyCount "60"]
[EventDate "1998.??.??"]

1. e4 e5 2. Nf3 Nc6 3. Bb5 a6 4. Ba4 d6 5. h3 Nf6 6. Qe2 b5 7. Bb3 Na5 8. d4
Nxb3 9. axb3 Bb7 10. d5 Be7 11. O-O O-O 12. Re1 c6 13. c4 Qc7 14. g4 Rfc8 15.
g5 Nd7 16. Bd2 Nc5 17. Qe3 a5 18. dxc6 Bxc6 19. cxb5 Bxe4 20. Nc3 Bb7 21. Nh4
Qd7 22. Rad1 h6 23. Qg3 hxg5 24. Bxg5 Bxg5 25. Qxg5 Qxh3 26. Nd5 Bxd5 27. Rxd5
Ne6 28. Qg3 Qxg3+ 29. fxg3 Nd4 30. Re3 Rab8 0-1

[Event "Festival INPS"]
[Site "Roma ITA"]
[Date "1998.??.??"]
[Round "2"]
[White "Cellucci, Alessandro"]
[Black "Castellano, Lorenzo"]
[Result "1-0"]
[WhiteElo "1870"]
[BlackElo "1732"]
[PlyCount "75"]
[EventDate "1998.??.??"]

1. e4 e6 2. d4 b6 3. Bd3 Bb7 4. Nd2 c5 5. Ngf3 Nf6 6. O-O Nc6 7. dxc5 Bxc5 8.
e5 Ng4 9. Nc4 d5 10. exd6 Bxd6 11. Nxd6+ Qxd6 12. h3 h5 13. Bb5 Qc7 14. Qd2 a6
15. Bxc6+ Bxc6 16. Qf4 Qxf4 17. Bxf4 Nf6 18. Ne5 Be4 19. c4 Rc8 20. f3 Bb7 21.
Rfd1 O-O 22. Rac1 Rfd8 23. Bg5 Rxd1+ 24. Rxd1 Nh7 25. Be3 f6 26. Nd7 Rxc4 27.
Nxb6 Rc7 28. b3 Kf7 29. Rd8 Nf8 30. Nc4 Ke7 31. Rb8 Nd7 32. Rh8 Nf8 33. Bb6 Rc6
34. Ba5 Kf7 35. Bb4 Ng6 36. Rb8 Bc8 37. Rxc8 Rxc8 38. Nd6+ 1-0

[Event "Festival INPS"]
[Site "Roma ITA"]
[Date "1998.??.??"]
[Round "2"]
[White "De Blasio, Alessandro"]
[Black "Montecchi, Ugo"]
[Result "1/2-1/2"]
[WhiteElo "1714"]
[BlackElo "1971"]
[PlyCount "108"]
[EventDate "1998.??.??"]

1. e4 c5 2. Nf3 d6 3. d4 cxd4 4. Nxd4 Nf6 5. Nc3 g6 6. Be3 Bg7 7. f3 O-O 8. Qd2
Nc6 9. Bc4 Bd7 10. O-O-O Rc8 11. Bb3 Ne5 12. h4 Nc4 13. Bxc4 Rxc4 14. h5 Qc7
15. hxg6 fxg6 16. Bh6 Nxe4 17. Nxe4 Bxd4 18. Bxf8 Qb6 19. b3 Be3 20. bxc4 Bxd2+
21. Nxd2 Kxf8 22. Rxh7 Qd4 23. Re1 Qf6 24. Rexe7 Qxe7 25. Rxe7 Kxe7 26. c3 Ke6
27. g3 Ke5 28. Kd1 a5 29. Ke2 d5 30. Ke3 Be6 31. c5 a4 32. a3 Bh3 33. f4+ Kf5
34. Nf3 Kg4 35. Ne5+ Kf5 36. Nd7 Kg4 37. Nb6 Kxg3 38. Nxd5 Bd7 39. c4 Bc6 40.
Ke4 Kf2 41. Ke5 Ke2 42. Kf6 Kd3 43. Nb4+ Ke4 44. Nxc6 bxc6 45. Kxg6 Kxf4 46.
Kf6 Ke4 47. Ke6 Kd4 48. Kd6 Kxc4 49. Kxc6 Kb3 50. Kd5 Kxa3 51. c6 Kb2 52. c7 a3
53. c8=Q a2 54. Qb7+ Kc1 1/2-1/2

[Event "Festival INPS"]
[Site "Roma ITA"]
[Date "1998.??.??"]
[Round "2"]
[White "De Vita, Igor"]
[Black "Lantini, Marco"]
[Result "1/2-1/2"]
[WhiteElo "2125"]
[BlackElo "2180"]
[PlyCount "45"]
[EventDate "1998.??.??"]

1. d4 d5 2. Nf3 Nf6 3. g3 e6 4. c4 Be7 5. Bg2 O-O 6. O-O dxc4 7. Qc2 a6 8. Qxc4
b5 9. Qd3 Bb7 10. Ne5 Bxg2 11. Kxg2 c5 12. dxc5 Bxc5 13. Nc3 Qxd3 14. Nxd3 Be7
15. Be3 Nbd7 16. Rac1 Rfc8 17. Rfd1 h6 18. f3 Nc5 19. Nxc5 Bxc5 20. Bd4 Bxd4
21. Rxd4 Nd5 22. a3 Nxc3 23. bxc3 1/2-1/2

[Event "Festival INPS"]
[Site "Roma ITA"]
[Date "1998.??.??"]
[Round "2"]
[White "Farina, Saverio"]
[Black "Rossetti, Mauro"]
[Result "1/2-1/2"]
[WhiteElo "2200"]
[BlackElo "1912"]
[PlyCount "21"]
[EventDate "1998.??.??"]

1. c4 Nf6 2. Nc3 e5 3. e3 Nc6 4. d4 Bb4 5. Nf3 d6 6. Be2 O-O 7. O-O Bxc3 8.
bxc3 Re8 9. Qc2 Bg4 10. h3 Bh5 11. g4 1/2-1/2

[Event "Festival INPS"]
[Site "Roma ITA"]
[Date "1998.??.??"]
[Round "2"]
[White "Manzanilla, Rufino"]
[Black "Corvi, Marco"]
[Result "1/2-1/2"]
[WhiteElo "1726"]
[BlackElo "2320"]
[PlyCount "125"]
[EventDate "1998.??.??"]

1. d4 f5 2. c4 Nf6 3. Nc3 d6 4. Nf3 c6 5. Bg5 Ne4 6. Bd2 Qc7 7. Qc2 Nxd2 8.
Qxd2 g6 9. g3 Bg7 10. Bg2 e5 11. e4 O-O 12. O-O Nd7 13. Rad1 Nf6 14. exf5 Bxf5
15. h3 Rae8 16. dxe5 dxe5 17. Qe3 Qb6 18. Qxb6 axb6 19. Rfe1 e4 20. Nd4 Bc8 21.
b3 Re7 22. Nce2 e3 23. fxe3 Rxe3 24. Nc2 Ree8 25. Ned4 Nh5 26. g4 Nf4 27. Rxe8
Rxe8 28. Rf1 Nxg2 29. Kxg2 h5 30. gxh5 c5 31. Nf3 Re2+ 32. Rf2 Bxh3+ 33. Kg3
Rxf2 34. Kxf2 gxh5 35. Ne3 Bf6 36. Kg3 Be6 37. Kf4 h4 38. Nf5 h3 39. Nh6+ Kg7
40. Nf5+ Kg6 41. Ng3 Bd8 42. Ne5+ Kh6 43. Ng4+ Bxg4 44. Kxg4 h2 45. Kh3 Kg5 46.
Kxh2 Kf4 47. Kg2 Ke3 48. Kf1 Kd3 49. Nf5 Kc2 50. Ke2 Kb2 51. Kd3 Kxa2 52. Kc2
Ka3 53. Nd6 Ka2 54. Nb5 Bf6 55. Nc7 Ka3 56. Nb5+ Kb4 57. Nc7 Be5 58. Nb5 Bh8
59. Nd6 Be5 60. Nb5 Bb8 61. Nc3 Bd6 62. Nb5 Be5 63. Na7 1/2-1/2

[Event "Festival INPS"]
[Site "Roma ITA"]
[Date "1998.??.??"]
[Round "2"]
[White "Marta, Daniele"]
[Black "De Vita, Gianni"]
[Result "1/2-1/2"]
[WhiteElo "1888"]
[BlackElo "2160"]
[PlyCount "58"]
[EventDate "1998.??.??"]

1. d4 Nf6 2. c4 c5 3. Nf3 cxd4 4. Nxd4 Nc6 5. Nc3 g6 6. e4 d6 7. b3 Bg7 8. Nc2
O-O 9. Be2 b6 10. O-O Bb7 11. f3 Rc8 12. Bb2 Qd7 13. Nd5 Nh5 14. Bxg7 Nxg7 15.
Qd2 f5 16. Rad1 fxe4 17. fxe4 Ne5 18. Qg5 Bxd5 19. exd5 Rf5 20. Qe3 Rcf8 21.
Nd4 Rxf1+ 22. Rxf1 Rxf1+ 23. Bxf1 Nf5 24. Qf4 Nxd4 25. Qxd4 Qg4 26. Qe3 Qd1 27.
h3 Qb1 28. a4 Qa1 29. Kf2 Qb2+ 1/2-1/2

[Event "Festival INPS"]
[Site "Roma ITA"]
[Date "1998.??.??"]
[Round "2"]
[White "Marzano, Carlo"]
[Black "Di Lazzaro, Gabriele"]
[Result "1/2-1/2"]
[WhiteElo "2185"]
[BlackElo "2030"]
[PlyCount "93"]
[EventDate "1998.??.??"]

1. d4 g6 2. e4 Bg7 3. c3 d5 4. e5 c5 5. f4 cxd4 6. cxd4 Nh6 7. Nf3 O-O 8. Be3
Bg4 9. Be2 Nc6 10. Nc3 e6 11. Qd2 Nf5 12. Bf2 Rc8 13. O-O Qb6 14. Rad1 Na5 15.
Na4 Qd8 16. b3 Bxf3 17. Bxf3 Nc6 18. g4 Nfe7 19. Bh4 Bh6 20. Bg2 Re8 21. Bg5
Bxg5 22. fxg5 b5 23. Nc5 Nxe5 24. dxe5 Rxc5 25. Qf2 Rc6 26. Qxf7+ Kh8 27. Qf6+
Kg8 28. Qf7+ Kh8 29. Rd3 Rg8 30. h4 Qe8 31. Qf6+ Rg7 32. Rh3 Ng8 33. Qf4 Rcc7
34. Rhf3 Rgf7 35. Qxf7 Rxf7 36. Rxf7 Qb8 37. Rd7 Qxe5 38. Kh1 Qg3 39. Rf3 Qe1+
40. Bf1 Qe4 41. Bg2 Qxg4 42. Kg1 Qxh4 43. Rh3 Qd4+ 44. Kh1 Qa1+ 45. Kh2 Qe5+
46. Kg1 Qd4+ 47. Kh1 1/2-1/2

[Event "Festival INPS"]
[Site "Roma ITA"]
[Date "1998.??.??"]
[Round "2"]
[White "Puliatti, Carlo"]
[Black "Coppini, Giorgio"]
[Result "1/2-1/2"]
[WhiteElo "1797"]
[BlackElo "2195"]
[PlyCount "45"]
[EventDate "1998.??.??"]

1. Nf3 d5 2. d4 Nf6 3. e3 e6 4. Bd3 Bd6 5. Nbd2 Nbd7 6. O-O O-O 7. c4 c6 8. Qc2
h6 9. b3 e5 10. dxe5 Nxe5 11. Nxe5 Bxe5 12. Bb2 Bxb2 13. Qxb2 dxc4 14. Bxc4 Bg4
15. f3 Bd7 16. Rfe1 Re8 17. Kh1 b5 18. Bf1 Qb6 19. e4 c5 20. Rac1 a6 21. Nb1
Rac8 22. Red1 Bc6 23. Nc3 1/2-1/2

[Event "Festival INPS"]
[Site "Roma ITA"]
[Date "1998.??.??"]
[Round "2"]
[White "Quimi, Marco"]
[Black "Tosi, Francesco"]
[Result "1-0"]
[WhiteElo "2225"]
[BlackElo "1883"]
[PlyCount "57"]
[EventDate "1998.??.??"]

1. e4 c5 2. Nf3 Nf6 3. Nc3 d6 4. d4 cxd4 5. Nxd4 Nc6 6. Be3 e5 7. Nb3 Be7 8.
Be2 a6 9. f3 Be6 10. Nd5 Bxd5 11. exd5 Na5 12. O-O Rc8 13. Nxa5 Qxa5 14. c4 O-O
15. Qb3 Qc7 16. Rac1 Nd7 17. Rfd1 Nc5 18. Qc2 f5 19. b4 f4 20. Bf2 Nd7 21. Qb3
Kh8 22. Bd3 g6 23. Rc2 Kg7 24. Rdc1 Qb8 25. c5 Qa8 26. Qa4 Nb8 27. c6 bxc6 28.
dxc6 Rf7 29. b5 1-0

[Event "Festival INPS"]
[Site "Roma ITA"]
[Date "1998.??.??"]
[Round "2"]
[White "Rossi De Gasperis, Pietro"]
[Black "Gardon, Ermanno"]
[Result "0-1"]
[WhiteElo "1704"]
[BlackElo "1818"]
[PlyCount "53"]
[EventDate "1998.??.??"]

1. e4 e6 2. b3 c5 3. Bb2 Nc6 4. Nf3 d6 5. Bb5 Bd7 6. Qe2 e5 7. Nc3 Nf6 8. h3 a6
9. Bc4 Be7 10. O-O-O b5 11. Bd5 b4 12. Nb1 Qb6 13. g4 Nxd5 14. exd5 Nd4 15.
Nxd4 cxd4 16. f4 f6 17. d3 Qa5 18. Rde1 Qxd5 19. Nd2 a5 20. Nf3 a4 21. Nxd4
axb3 22. axb3 Ra2 23. Nf3 O-O 24. Rhf1 Qa5 25. Nd2 Rxb2 26. Kxb2 Qa3+ 27. Kb1
0-1

[Event "Festival INPS"]
[Site "Roma ITA"]
[Date "1998.??.??"]
[Round "2"]
[White "Sibilio, Mario"]
[Black "Ragonese, Lucio Rosario"]
[Result "1-0"]
[WhiteElo "2330"]
[BlackElo "1995"]
[PlyCount "59"]
[EventDate "1998.??.??"]

1. d4 d5 2. Nf3 Nf6 3. c4 c6 4. Nc3 dxc4 5. e4 b5 6. e5 Nd5 7. a4 e6 8. axb5
Nxc3 9. bxc3 cxb5 10. Ng5 Bb7 11. Qh5 g6 12. Qg4 Be7 13. h4 h5 14. Qf4 Bxg5 15.
hxg5 Nc6 16. Rh4 a5 17. Rb1 Ba6 18. g4 Qe7 19. Bg2 Rc8 20. Bf3 b4 21. gxh5 b3
22. hxg6 Rxh4 23. Qxh4 fxg6 24. Ra1 Nb4 25. Rxa5 Nd3+ 26. Kd2 Qf8 27. Be4 Nxc1
28. Rxa6 Nd3 29. Rxe6+ Kd7 30. Rd6+ 1-0

[Event "Festival INPS"]
[Site "Roma ITA"]
[Date "1998.??.??"]
[Round "2"]
[White "Simeone, Giulio"]
[Black "Pezzaldi, Roberto"]
[Result "1-0"]
[WhiteElo "1717"]
[BlackElo "2095"]
[PlyCount "95"]
[EventDate "1998.??.??"]

1. c4 e6 2. e4 d5 3. cxd5 exd5 4. exd5 Nf6 5. Bb5+ Bd7 6. Bc4 Be7 7. Nc3 O-O 8.
Nf3 Bg4 9. h3 Bh5 10. g4 Bg6 11. d4 Nbd7 12. Ne5 Nb6 13. Qb3 Be4 14. Nxe4 Nxe4
15. Bd3 Nf6 16. O-O Qxd5 17. Qxd5 Nfxd5 18. a4 Nb4 19. Be4 c6 20. a5 N6d5 21.
a6 b6 22. Nxc6 Nxc6 23. Bxd5 Rac8 24. Be3 Rfd8 25. Bxc6 Rxc6 26. Rfc1 Rcd6 27.
Rc7 R6d7 28. Rac1 Kf8 29. Rxd7 Rxd7 30. Rc8+ Bd8 31. Kg2 Ke7 32. Kf3 Rc7 33.
Rxc7+ Bxc7 34. b4 b5 35. d5 Bb8 36. Ke4 Kd7 37. Kd4 Bd6 38. Kc3 Bb8 39. h4 Be5+
40. Kd3 Bb8 41. Ke4 g6 42. Bd4 Bd6 43. Bc5 Bb8 44. f4 Ke8 45. d6 Kd7 46. Kd5 h6
47. Ke5 h5 48. g5 1-0

[Event "Festival INPS"]
[Site "Roma ITA"]
[Date "1998.??.??"]
[Round "2"]
[White "Simeoni, Matteo"]
[Black "Martelli, Andrea"]
[Result "0-1"]
[WhiteElo "2035"]
[BlackElo "1770"]
[PlyCount "72"]
[EventDate "1998.??.??"]

1. e4 e6 2. d4 d5 3. Nc3 Bb4 4. Bd3 dxe4 5. Bxe4 Nf6 6. Bg5 Nbd7 7. Qd3 O-O 8.
Bxh7+ Kh8 9. Be4 c5 10. Nge2 cxd4 11. Nxd4 Kg8 12. Nb3 Bxc3+ 13. bxc3 Qc7 14.
Bd2 Ne5 15. Qe2 Nc4 16. Bg5 Nxe4 17. Qxe4 f6 18. Bh4 Nd6 19. Qd3 Rd8 20. Bg3 e5
21. Rd1 Bf5 22. Qd5+ Nf7 23. Qc5 Rxd1+ 24. Kxd1 Qd7+ 25. Kc1 Rc8 26. Qe3 Qa4
27. Qf3 Qa3+ 28. Kd2 Rd8+ 29. Ke2 Bxc2 30. Qxb7 Qxa2 31. Nc1 Qa3 32. Qc7 Qa6+
33. c4 Rc8 34. Qd7 Qxc4+ 35. Ke1 Rd8 36. Qxa7 Rd1# 0-1

[Event "Festival INPS"]
[Site "Roma ITA"]
[Date "1998.??.??"]
[Round "2"]
[White "Tosoni, Augusto"]
[Black "Satta, Vladimiro"]
[Result "0-1"]
[WhiteElo "1948"]
[BlackElo "2230"]
[PlyCount "102"]
[EventDate "1998.??.??"]

1. e4 e6 2. d4 d5 3. Nc3 Nf6 4. e5 Nfd7 5. f4 c5 6. Nf3 Nc6 7. Be3 cxd4 8. Nxd4
Bc5 9. Qd2 a6 10. O-O-O Bxd4 11. Bxd4 b5 12. f5 Nxd4 13. Qxd4 Qg5+ 14. Kb1 Qxf5
15. Re1 Qg5 16. Bd3 O-O 17. g4 Bb7 18. h4 Qe7 19. g5 Nc5 20. Ne2 Rac8 21. Ng3
Nxd3 22. Qxd3 Qb4 23. Nh5 Qc4 24. Qd1 d4 25. Rhg1 Rfd8 26. Nf4 d3 27. Nxd3 Qxh4
28. Rg4 Qh3 29. Rf4 Qg3 30. Ref1 Rd7 31. Qh5 g6 32. Qh6 Rc4 33. b3 Rxf4 34.
Nxf4 Bf3 35. Nd3 Qg2 36. Rc1 Be4 37. Qh4 Rc7 38. Nf2 Bf5 39. Rh1 Rxc2 40. Qxh7+
Kf8 41. Qh8+ Ke7 42. Qf6+ Kd7 43. Qxf7+ Kc6 44. Qe8+ Kb7 45. Ka1 Rc7 46. Qd8
Qxf2 47. a4 Qc2 48. Qd6 Qxb3 49. axb5 Qa4+ 50. Kb2 Rc2+ 51. Kb1 Qa2# 0-1

[Event "Festival INPS"]
[Site "Roma ITA"]
[Date "1998.??.??"]
[Round "2"]
[White "Trebeschi, Andrea"]
[Black "Mogranzini, Roberto"]
[Result "0-1"]
[WhiteElo "1759"]
[BlackElo "1870"]
[PlyCount "40"]
[EventDate "1998.??.??"]

1. e4 e5 2. Nf3 d6 3. Bc4 Be7 4. h3 Be6 5. Bxe6 fxe6 6. c4 Nf6 7. d3 Nc6 8. Nc3
O-O 9. O-O a6 10. Ne2 Nh5 11. Bd2 Qe8 12. Ng3 Nf4 13. Bc3 Qg6 14. Ne1 Bh4 15.
Qd2 Bxg3 16. fxg3 Qxg3 17. Rf3 Nxh3+ 18. Kh1 Rxf3 19. Nxf3 Rf8 20. Qe1 Nf2+ 0-1

[Event "Festival INPS"]
[Site "Roma ITA"]
[Date "1998.??.??"]
[Round "3"]
[White "Cattarinich, Benedetto"]
[Black "Rossetti, Mauro"]
[Result "0-1"]
[WhiteElo "1702"]
[BlackElo "1912"]
[PlyCount "86"]
[EventDate "1998.??.??"]

1. d4 Nf6 2. c4 e6 3. Nf3 d5 4. Nc3 Be7 5. Bg5 Nbd7 6. e3 O-O 7. Rc1 c6 8. Qc2
Re8 9. a3 h6 10. Bh4 dxc4 11. Bxc4 Nd5 12. Bxe7 Qxe7 13. O-O Nxc3 14. Qxc3 e5
15. dxe5 Nxe5 16. Nxe5 Qxe5 17. Qxe5 Rxe5 18. Rfd1 Be6 19. Bxe6 Rxe6 20. Rd7
Rb8 21. Rcd1 Kf8 22. Rc7 Re7 23. Rdd7 Rxd7 24. Rxd7 Ke8 25. Rc7 Rd8 26. Kf1 Rd7
27. Rxd7 Kxd7 28. Ke2 Kd6 29. Kd3 b5 30. b4 c5 31. bxc5+ Kxc5 32. e4 g5 33. f3
b4 34. a4 a5 35. g3 h5 36. f4 gxf4 37. gxf4 h4 38. h3 f6 39. Ke3 Kc4 40. e5
fxe5 41. fxe5 Kd5 42. e6 Kxe6 43. Ke4 Kf6 0-1

[Event "Festival INPS"]
[Site "Roma ITA"]
[Date "1998.??.??"]
[Round "3"]
[White "Cellucci, Alessandro"]
[Black "De Vita, Igor"]
[Result "0-1"]
[WhiteElo "1870"]
[BlackElo "2125"]
[PlyCount "124"]
[EventDate "1998.??.??"]

1. e4 g6 2. d4 Bg7 3. Nc3 d6 4. Be3 c6 5. Qd2 b5 6. O-O-O Nd7 7. Kb1 Qa5 8. f3
Nb6 9. h4 b4 10. Nce2 Nc4 11. Qc1 Rb8 12. Nf4 Nxe3 13. Qxe3 Bh6 14. e5 b3 15.
axb3 dxe5 16. dxe5 Rb4 17. Bc4 Be6 18. Bxe6 Bxf4 19. Bd7+ Kf8 20. Qc3 Bxe5 21.
Qxc6 Nf6 22. Ne2 Rb6 23. Qa4 Qc5 24. f4 Bb8 25. Nc3 Qc7 26. h5 Qxf4 27. h6 Qxa4
28. Bxa4 Bd6 29. Nb5 Ne4 30. Rhe1 f5 31. c4 Kf7 32. Nxa7 Nc5 33. Nb5 Ra8 34.
Nxd6+ exd6 35. Kc2 Nxa4 36. Ra1 Rba6 37. bxa4 Rxa4 38. Rxa4 Rxa4 39. Kc3 Ra7
40. b4 g5 41. Kd4 Ra2 42. b5 Rxg2 43. Rb1 Rd2+ 44. Ke3 Ra2 45. Kd4 Ke6 46. b6
Ra8 47. c5 Kd7 48. Kd5 dxc5 49. Kxc5 Ra5+ 50. Kb4 Re5 51. Rc1 Re2 52. Ka3 Re6
53. Rc7+ Kd8 54. Rxh7 Rxb6 55. Rh8+ Ke7 56. h7 Rh6 57. Ra8 Rxh7 58. Ra7+ Kf6
59. Rxh7 g4 60. Kb3 g3 61. Rh1 f4 62. Kc3 g2 0-1